000 00934cab a2200289 4500
001 ABS48408
008 090401t1993 xxu||||| |||| 00| 0 eng d
035 _a(Sirsi) u66537
041 _aeng
245 _aConservation and the Transport and Works Act 1992
260 _c1993
350 _a0
490 _aConservation Bulletin
_v(19) March 1993, 6-7(2)
520 _aExamines the Transport and Works Act 1992 and supplementary regulations. Assesses the impact the legislation, which changes the way major transport and other work schemes are authorised, will have on conservation.
650 _aPRIVATE ACTS
650 _aRAILWAYS
650 _aSI 1992:2817
650 _aSI 1992:2902
650 _aSI 1992:3138
650 _aTRAMWAYS
650 _aTRANSPORT AND WORKS ACT 1992
650 _aTRANSPORT
690 _aCONSERVATION
690 _aTRANSPORT AND COMMUNICATIONS
942 _n0
948 _c04/03/1997
999 _c41569
_d41569